LEADER 00893cam0-22003251i-450- 001 990006404950403321 005 20070611131114.0 010 $a88-14-07403-8 035 $a000640495 035 $aFED01000640495 035 $a(Aleph)000640495FED01 035 $a000640495 100 $a20000112d1999----km-y0itay50------ba 101 0 $aita 102 $aIT 105 $ay-------001yy 200 1 $a<>prove atipiche$fGian Franco Ricci 210 $aMilano$cGiuffrè$d1999 215 $aX, 664 p.$d24 cm 225 1 $aSeminario giuridico della Università di Bologna$v189 676 $a347.06$v20$zit 700 1$aRicci,$bGian Franco$0240946 801 0$aIT$bUNINA$gRICA$2UNIMARC 901 $aBK 912 $a990006404950403321 952 $aUNIV. 29 (189)$b39090*$fFGBC 952 $a5,2-267$b3130$fDSPCP 959 $aDSPCP 996 $aProve atipiche$9661102 997 $aUNINA LEADER 01126nam0-22003491i-450- 001 990000152960403321 005 20060413110654.0 010 $a88-386-0744-3 035 $a000015296 035 $aFED01000015296 035 $a(Aleph)000015296FED01 035 $a000015296 100 $a20020821d1996----km-y0itay50------ba 101 0 $aita 105 $aa-------001yy 200 1 $aDigital design media$estrumenti digitali per il design, l'architettura e la grafica$fWilliam J. Mitchell , Malcolm McCullough 210 $aMilano$cMcGraw-Hill Libri Italia$d1996 215 $aXIV, 443 p.$cill.$d24 cm 225 1 $aArchitettura 300 $aTit. orig.: Digital design media. Trad., rev. di Nicolò Ceccarelli 610 0 $aMicroelaboratori elettronici$aImpiego nella progettazione 676 $a620.004 202 85 700 1$aMitchell,$bWilliam John$f<1944- > 701 1$aMcCullough,$bMalcolm 801 0$aIT$bUNINA$gRICA$2UNIMARC 901 $aBK 912 $a990000152960403321 952 $a13 C 53 23$b11131$fFINBC 952 $aTECN B 1111$b8115$fFARBC 959 $aFINBC 959 $aFARBC 997 $aUNINA